000 005210000a22001570004500
003 MACL
005 20250101163134.0
008 180121b xxu||||| |||| 00| 0 eng d
040 _cmacl
100 _aसिंह ,उपिन्‍दर
_970167
245 _aदिल्‍ली : प्रचीन इतिहास
260 _aदिल्‍ली
_bअोरियट ब्‍लै‍क स्‍वनि
_c2010
350 _a165
650 _aइतिहास
_970168
942 _cHIN
_k900/SIN
_2ddc
999 _c47799
_d47799